Online
Catalog

El cataclismo de 1797 / (Record no. 21663)

MARC details
000 -CABECERA
campo de control de longitud fija 00704nam a2200229 a 4500
001 - NÚMERO DE CONTROL
campo de control 000022165
005 - FECHA Y HORA DE LA ÚLTIMA TRANSACCIÓN
campo de control 20200930011617.0
008 - DATOS DE LONGITUD FIJA--INFORMACIÓN GENERAL
campo de control de longitud fija 100917s1997 ec 000 e spa d
020 ## - NÚMERO INTERNACIONAL ESTÁNDAR DEL LIBRO
Número Internacional Estándar del Libro 9978500243
020 ## - NÚMERO INTERNACIONAL ESTÁNDAR DEL LIBRO
Número Internacional Estándar del Libro 9978500278 (volumen 1)
040 ## - FUENTE DE LA CATALOGACIÓN
Centro catalogador/agencia de origen DO-SdBNP
Lengua de catalogación spa
Centro/agencia transcriptor BNPHU
082 ## - NÚMERO DE LA CLASIFICACIÓN DECIMAL DEWEY
Número de clasificación 986.602
Número de documento/Ítem N964c, 1997
100 1# - ENTRADA PRINCIPAL--NOMBRE DE PERSONA
Nombre de persona Nuñez Sánchez, Jorge.
9 (RLIN) 13252
245 13 - MENCIÓN DE TÍTULO
Título El cataclismo de 1797 /
Mención de responsabilidad, etc. Jorge Nuñez Sánchez.
250 ## - MENCIÓN DE EDICIÓN
Mención de edición 2a ed.
260 ## - PUBLICACIÓN, DISTRIBUCIÓN, ETC.
Lugar de publicación, distribución, etc. Quito, (Ecuador) :
Nombre del editor, distribuidor, etc. Universidad Estatal de Bolivar,
Fecha de publicación, distribución, etc. 1997.
300 ## - DESCRIPCIÓN FÍSICA
Extensión 88 p. ;
Dimensiones 15 cm.
490 1# - MENCIÓN DE SERIE
Mención de serie Todo es Historia
Designación de volumen o secuencia 1
651 #4 - PUNTO DE ACCESO ADICIONAL DE MATERIA--NOMBRE GEOGRÁFICO
Nombre geográfico Ecuador
Subdivisión general Historia
9 (RLIN) 4781
650 #4 - PUNTO DE ACCESO ADICIONAL DE MATERIA--TÉRMINO DE MATERIA
Término de materia o nombre geográfico como elemento de entrada Ensayos ecuatorianos
9 (RLIN) 3909
650 #4 - PUNTO DE ACCESO ADICIONAL DE MATERIA--TÉRMINO DE MATERIA
Término de materia o nombre geográfico como elemento de entrada Literatura ecuatoriana
9 (RLIN) 3938
Holdings
Estado de retiro Estado de pérdida Restricciones de uso No para préstamo Código de colección Localización permanente Ubicación/localización actual Ubicación en estantería Fecha de adquisición Número de inventario Total de préstamos Signatura topográfica completa Código de barras Fecha visto por última vez Precio válido a partir de Tipo de ítem Koha Número de copia
      Excluido de préstamo Monografías: Libros y Folletos General General Depósito 17.09.2010 LF1   986.602 N964c, 1997 22165-10 25.06.2020 25.06.2020 No se presta  
      Excluido de préstamo Monografías: Libros y Folletos General General Depósito 17.09.2010 LF1   986.602 N964c, 1997 22165-20 25.06.2020 25.06.2020 No se presta e. 2
        Monografías: Libros y Folletos General General Depósito 17.09.2010 LF1   986.602 N964c, 1997 22165-30 25.06.2020 25.06.2020 Préstamo en sala e. 3
        Monografías: Libros y Folletos Patrimonio Dominicano Patrimonio Dominicano Orden iniciada 25.05.2017 LF1   986.602 N964c, 1997 22165-40 25.06.2020 25.06.2020 No se presta  

Powered by Koha